| 000 | 01190cam a22002892i 4500 | ||
|---|---|---|---|
| 003 | SA_RiAUC | ||
| 005 | 20250413065129.0 | ||
| 008 | 250413s2006____su g 000 0 ara c | ||
| 020 | _a9960495965 | ||
| 040 |
_aSA-RiKAPL _bara _cSA-RiAUC _erda |
||
| 082 | 0 | 4 | _a256 |
| 090 |
_a256 _bت ذ ك |
||
| 245 | 0 | 0 |
_aتذكير العباد بفتاوى أهل العلم في الجهاد / _cجمع وإعداد محمد بن فهد الحصين ؛ تقديم صالح بن فوزان الفوزان. |
| 250 | _aالطبعة الثانية. | ||
| 264 | 1 |
_aالرياض : _bمحمد بن فهد الحصين، _c2006 |
|
| 300 |
_a116 صفحة ؛ _c16 سم |
||
| 336 |
_aنص _btxt _2rdacontent _3كتاب |
||
| 337 |
_aبدون وسيط _bn _2rdamedia |
||
| 338 |
_aمجلد _bnc _2rdacarrier |
||
| 650 | 7 |
_aالجهاد في الإسلام _2aucsh |
|
| 650 | 7 |
_aالإسلام والقتال _2aucsh |
|
| 650 | 7 |
_aالفقه الإسلامي _2aucsh |
|
| 700 | 1 |
_aالحصين، محمد بن فهد _eجامع. |
|
| 700 | 1 |
_aالفوزان، صالح بن فوزان بن عبد الله، _d1354 هجري- _eمقدم. |
|
| 942 |
_2ddc _cBOOK _n0 |
||
| 949 |
_aSA-JeALM _d250413 _umohamedma123 _n1 |
||
| 999 |
_c6947 _d6947 |
||